000 00820nam a22002417a 4500
001 45260
003 UA-OsUOA
005 20260422162719.0
008 20110929b un ||||| |||| 00| 0 ukr d
040 _aUA-OsUOA
_bukr
_cUA-OsUOA
_dUA-OsUOA
041 _aukr
080 _a050.9
090 _a050.9
_bА57
245 _aАльманах Українського народного союзу
_bрічник 75
260 _aДжерзі Ситі ;
_aНю Йорк
_bСвобода
_c1985
300 _a240 с.
310 _a1980-1982; 1984-1985; 1987-1988; 1991-1999
650 7 _2UDC
_a050 Серіальні видання. Періодика
_93723
942 _cMG
_2udc
955 _a4
999 _c425364
_d425364